000 00718cam a22002533a 4500
001 5401
003 PGUSA
005 20140828083119.0
008 040401s2004||||xxu|||||s|||||000 1 eng d
040 _aPGUSA
_beng
042 _adc
050 4 _aPS
100 1 _aReed, Myrtle,
_d1874-1911
245 1 0 _aOld Rose and Silver
_h[electronic resource] /
_cMyrtle Reed
260 _bProject Gutenberg,
_c2004
506 _aPublic domain in the USA.
516 _aElectronic text
653 _aMusicians -- Fiction
653 _aMan-woman relationships -- Fiction
653 _aAmerican fiction -- 20th century
830 0 _aProject Gutenberg
_v5401
856 4 0 _uhttp://www.gutenberg.org/ebooks/5401
942 _cEB
999 _c234730
_d234730